| 000 | 00569nam a22001577a 4500 | ||
|---|---|---|---|
| 999 |
_c529352 _d529352 |
||
| 020 | _qHard Cover. | ||
| 082 | _a005 | ||
| 100 | _aYaqoob, Tahreem | ||
| 245 |
_aCyberSecurity Framework for Security Software Based Medical Devices to Prevent Sophisticated Cyber Attacks in Healthcare Environment / _cTahreem Yaqoob. |
||
| 260 |
_aIslamabad: _bMCS - NUST, _c2018. |
||
| 300 |
_a117 p.: ill.; _c30cm. |
||
| 942 |
_2ddc _cTHE |
||
| 650 |
_aInformation Security Ms-Thesis. _916348 |
||
| 700 |
_aDR. Haider Abbas _921260 |
||